Normal view
MARC view
Entry Personal Name
001 - CONTROL NUMBER
- control field: 250525
003 - CONTROL NUMBER IDENTIFIER
- control field: OSt
005 - DATE AND TIME OF LATEST TRANSACTION
- control field: 20260107132300.0
008 - FIXED-LENGTH DATA ELEMENTS
- fixed length control field: 260107|| aca||aabn | a|a d
040 ## - CATALOGING SOURCE
- Original cataloging agency: OSt
- Transcribing agency: OSt
100 ## - HEADING--PERSONAL NAME
- Personal name: Shazia Sadiq Ed
670 ## - SOURCE DATA FOUND
- Source citation: Work cat.: (OSt)211944: Shazia Sadiq Ed, Handbook of data quality, 2020